Leader xxxxxxxxxx
001 __ PCLIS00006142
005 __ 20230321150723.0
010 0_ |a957-13-1836-1|b平裝|dNT$180
010 0_ |a978-957-13-1836-3|b平裝|dNT$180
100 __ |a19870509d1995 m y0chiy09 e
101 1_ |achi|cjpn
102 __ |atw
105 __ |ay z 000ay
200 1_ |a發條鳥年代記|h第一部|i鵲賊篇|f村上春樹著|g賴明珠譯
205 __ |a初版
210 __ |a臺北市|c時報文化|d1995[民84]
215 0_ |a220面|d21公分
225 1_ |a藍小說|v907
225 2_ |a村上春樹作品集
300 __ |a作者號由adm取自出版社(2006672),由t561改回
300 __ |a本館最新館藏為2016年二十九刷
320 __ |a參考書目: 面220
410 _0 |12001 |a村上春樹作品集
454 _1 |12001 |aゼェネわ鳥ヱ①Яヱю|zjpn
517 1_ |a鵲賊篇|zchi
606 __ |2cst|a長篇小說
681 __ |a861.57|b8354
681 __ |a861.57|b8476 88 V.907
700 _1 |a村上|b春樹|f1949- |4著
702 _1 |a賴|b明珠|f1947- |4譯
801 _0 |atw|b內湖高中|c20010622
801 _0 |atw|b內湖高中|c20160421|gCCR
801 _2 |atw|b內湖高中|c20230321|gCCR
|